Caguach, isla de la devoción: religiosidad popular de Chiloé

Bewaard in:
Bibliografische gegevens
Hoofdauteurs: Cárdenas Álvarez, Renato (Auteur), Trujillo, Carlos Alberto (Auteur)
Formaat: Boek
Taal:Spaans
Gepubliceerd in: Santiago Lar 1986
Onderwerpen:
Tags: Voeg label toe
Geen labels, Wees de eerste die dit record labelt!

MARC

LEADER 00000nam a2200000 a 4500
001 UCN4460
003 CL-VaPUC
008 010803e19860000CL |||||||||||||||||spa|d
082 0 4 |a 394.26983  |b CAR  |2 21 
100 |a Cárdenas Álvarez, Renato  |e author  |9 521690 
700 |a Trujillo, Carlos Alberto  |e author  |9 415272 
245 1 0 |a Caguach, isla de la devoción: religiosidad popular de Chiloé 
300 |a 127 p 
942 |c BK 
945 |d 20010803 00:00:00  |a cmena 
260 |a Santiago  |b Lar  |c 1986 
600 0 7 |a DIVINO JESUS NAZARENO  |2 CL-VaPUC  |9 460903 
650 7 |a RELIGIOSIDAD POPULAR  |2 CL-VaPUC  |9 460904 
650 0 |a Fiestas religiosas  |9 349319 
651 7 |a CAGUACH  |2 CL-VaPUC  |9 460905 
651 0 |a Chiloé  |9 265209 
651 7 |a CHILE  |2 CL-VaPUC  |9 460906 
583 |a last modification  |c 20010803 00:00:00  |k Rodrigo Vera 
999 |c 296702  |d 296700 
952 |0 0  |1 0  |4 0  |6 394_269830000000000_CAR_1986  |7 0  |8 X  |9 350750  |a FDOMLP  |b FDOMLP  |d 2019-11-20  |i 374244K  |o 394.26983 CAR 1986  |p 374244K  |r 2019-11-20  |w 2019-11-20  |y BK_X  |k BU2 
952 |0 0  |1 0  |4 0  |6 394_269830000000000_CAR_1986  |7 0  |8 X  |9 350751  |a FDOMLP  |b FDOMLP  |d 2019-11-20  |i 4310683  |o 394.26983 CAR 1986  |p 4310683  |r 2019-11-20  |w 2019-11-20  |y BK_X  |k BU2